Magazine editing (Record no. 8711)

MARC details
000 -LEADER
fixed length control field 00481nam a22001697a 4500
008 - FIXED-LENGTH DATA ELEMENTS--GENERAL INFORMATION
fixed length control field 210503b ||||| |||| 00| 0 eng d
020 ## - INTERNATIONAL STANDARD BOOK NUMBER
International Standard Book Number 9780415608350
082 ## - DEWEY DECIMAL CLASSIFICATION NUMBER
Classification number 070.4 MOR
100 ## - MAIN ENTRY--PERSONAL NAME
Personal name Morrish, John
245 ## - TITLE STATEMENT
Title Magazine editing
260 ## - PUBLICATION, DISTRIBUTION, ETC.
Place of publication, distribution, etc. London ; New York :
Name of publisher, distributor, etc. Routledge,
Date of publication, distribution, etc. 2012.
300 ## - PHYSICAL DESCRIPTION
Extent 281 p.
Dimensions 23 cm.
500 ## - GENERAL NOTE
General note Includes bibliographical references (pages [268]-271) and index.
650 ## - SUBJECT ADDED ENTRY--TOPICAL TERM
Topical term or geographic name entry element Journalism--Editing.
700 ## - ADDED ENTRY--PERSONAL NAME
Personal name Paul Bradshaw
942 ## - Added entry Elements (Koha)
Source of classification or shelving scheme Dewey Decimal Classification
Holdings
Withdrawn status Lost status Source of classification or shelving scheme Damaged status Not for loan Collection code Home library Current library Shelving location Date acquired Serial Enumeration / chronology Total Checkouts Full call number Barcode Date last seen Price effective from Koha item type Cost, normal purchase price
    Dewey Decimal Classification     Main TEST RTC Library RTC Library Main opac 03/05/2021 15016   070.4 MOR 30014211 03/05/2021 03/05/2021 Main  
    Dewey Decimal Classification     Main TEST RTC Library RTC Library Main opac 10/09/2021 16203   070.4 MOR 30015238 10/09/2021 10/09/2021 Main 3817.00
    Dewey Decimal Classification     Main TEST RTC Library RTC Library Main opac 30/11/2021 16270   070.4 MOR 30015278 30/11/2021 30/11/2021 Main  
Royal Thimphu College || All Right Reserved